000 00954nam0a22002291 4500
001 rc\2949233
005 20260406124346.0
035 _a(NLR Aleph) 007097012
090 _a6631657
_c6631657
100 _a20110829d1939 |||y0rusy50 ca
101 0 _arus
102 _aRU
105 _ay z |||||
200 1 _aˆ[‰Тезисы к докладам]
_fНКЗ. СССР.С.-х. акад. им. К.А. Тимирязева. Конференция молодых ученых, посвящ. XVIII съезду ВКП(б). 1939 г.
210 _aМосква
_cБ. и.
_d[1939]
215 _a101 отд. брошюр
_d20 см
710 0 2 _aРоссийская сельскохозяйственная академия им. К. А. Тимирязева
_bКонференция молодых ученых
_f1939
_9307665
_3RU\NLR\AUTH\8817218
801 0 _aRU
_bNLR
_gpsbo
801 1 _aRU
_bELAR
_2rusmarc
852 _aNLR
_j64-3/3048
942 _cBOOK
980 _aNB